Štátne záruky
Správa štátnych záruk. Kontrola finančných operácií spojená s poskytovaním a realizáciou štátnych záruk. Postup pri poskytovaní štátnych záruk. Žiadosť o poskytnutie štátnej záruky. Zmluva o podmienkach ručenia. Poskytnutie štátnej záruky. Evidencia a účtovníctvo štátnych záruk. Realizácia štátnych...
Enregistré dans:
| Auteur principal: | |
|---|---|
| Format: | Chapitre de livre |
| Langue: | slovaque |
| Sujets: | |
| Tags: |
Pas de tags, Soyez le premier à ajouter un tag!
|
MARC
| LEADER | 00000naa$a2200000$$$4500 | ||
|---|---|---|---|
| 001 | 0107239 | ||
| 005 | 20231120114037.5 | ||
| 041 | 0 | |a slo | |
| 044 | |a SK | ||
| 245 | 1 | 0 | |a Štátne záruky |c Jozef Smrek |
| 520 | |a Správa štátnych záruk. Kontrola finančných operácií spojená s poskytovaním a realizáciou štátnych záruk. Postup pri poskytovaní štátnych záruk. Žiadosť o poskytnutie štátnej záruky. Zmluva o podmienkach ručenia. Poskytnutie štátnej záruky. Evidencia a účtovníctvo štátnych záruk. Realizácia štátnych záruk zo štátneho rozpočtu. Návratná finančná výpomoc a úroky z nej. Riziká z poskytnutých záruk a návratných finančných výpomocí. | ||
| 610 | 2 | 0 | |a záruka |
| 610 | 2 | 0 | |a štát |
| 610 | 2 | 0 | |a ručenie |
| 610 | 2 | 0 | |a evidencia |
| 610 | 2 | 0 | |a účtovanie |
| 610 | 2 | 0 | |a disciplína finančná |
| 610 | 2 | 0 | |a riziko |
| 610 | 2 | 0 | |a kontrola |
| 610 | 2 | 0 | |a pomoc finančná |
| 610 | 2 | 0 | |a legislatíva |
| 100 | 1 | |a Smrek, Jozef | |